La Belgique en 50 images - Statistiques

Statistiques générales
  • Ce quiz a été pris 142 fois
  • Le résultat moyen est 35 sur 50
Statistiques - réponses
Par images Hint Réponse % Correct
Capitale Bruxelles
100%
Spécialité Moules-frites
98%
Personnage de fiction Tintin
98%
Chanteuse Angèle
97%
Invention belge Saxophone
96%
Légume Chou de Bruxelles
95%
Pâtisserie Gaufre
93%
Série de Bande dessinée Boule et Bill
91%
Personnages de fiction Les Schtroumpfs
91%
Région Wallonie
85%
Région Flandre
84%
Acteur Jean-Claude Van Damme
84%
Mer Mer du Nord
84%
Personnage de fiction Spirou
84%
Ville Bruges
83%
Monument Atomium
82%
Union qui a la même capitale que la Belgique Union européenne
82%
Marque de chocolat Côte d'Or
81%
Personnage de fiction Gaston Lagaffe
80%
Surnom des joueurs belges de football les Diables Rouges
80%
Fontaine Manneken Pis
78%
Ancienne colonie Congo belge
76%
Footballeur Eden Hazard
75%
Détective belge de fiction Hercule Poirot
75%
Chanteur Jacques Brel
75%
Série de BD Le Chat
75%
Bataille Waterloo
75%
Ville Liège
73%
Ville Anvers
70%
Footballeur Kevin De Bruyne
70%
Peintre René Magritte
69%
Humoriste/acteur François Damiens
66%
Marque de bière Leffe
66%
Actrice Virginie Efira
66%
Romancière Amélie Nothomb
64%
Ancien roi Léopold II de Belgique
61%
Fleuve Meuse
61%
Club de football RSC Anderlecht
61%
Hymne national La Brabançonne
60%
Ville Gand
58%
Marque de bière Jupiler
52%
Roi des belges Philippe de Belgique
52%
Ville thermale Spa
52%
Ancien château fort Citadelle de Namur
50%
Place située dans la capitale Grand-Place
49%
Festival Tomorrowland
43%
Institution Commission européenne
36%
Plat à base de poulet ou de poisson Waterzooï
30%
Peintre Pierre Paul Rubens
24%
Monument Arcades du Cinquantenaire
9%
Aucun quiz correspondant
Distribution des résultats
% des personnes avec chaque résultat
Percentile par nombre de réponses
Votre historique - résultats
Vous n’avez pas pris ce quiz